000 00386 a2200169 4500
001 173533
020 _a
040 _cMagnum
100 _aPeixoto, Ilka Rocha
240 1 0 _aEstrelinha brinca de estátua
_lpor
245 1 0 _aEstrelinha brinca de estátua
300 _a24
362 0 _a1984
440 1 _aAo Livro Técnico
697 _aLITERATURA INFANTO-JUVENIL
942 _cBK
999 _c173533
_d173533